Statystyki dla Three Days Grace - Wszystkie piosenki

Kliknij tutaj aby rozwiązać quiz!

Ogólne statystyki

  • Ten quiz został rozwiązany 13 razy
  • Średni wynik to 16 z 74

Statystyki odpowiedzi

Tytuł piosenki% Poprawnych
I Hate Everything About You
86%
Pain
86%
Painkiller
86%
One X
71%
World so Cold
71%
I Am Machine
57%
Never Too Late
57%
Time of Dying
57%
Bitter Taste
43%
Break
43%
Car Crash
43%
Fallen Angel
43%
Gone Forever
43%
Human Race
43%
Infra-Red
43%
Just Like You
43%
Life Starts Now
43%
Bully
29%
Chalk Outline
29%
Expectations
29%
Home
29%
I Am An Outsider
29%
Misery Loves My Company
29%
One Too Many
29%
Operate
29%
Over and Over
29%
Right Left Wrong
29%
So What
29%
Tell Me Why
29%
The Good Life
29%
The High Road
29%
The Mountain
29%
Anonymous
14%
Broken Glass
14%
Burn
14%
Drown
14%
Give In To Me
14%
It's All Over
14%
Landmine
14%
Last to Know
14%
Let It Die
14%
Love Me Or Leave Me
14%
Nothing's Fair In Love and War
14%
Nothing To Lose But You
14%
Now or Never
14%
On My Own
14%
Scared
14%
The Abyss
14%
Unbreakable Heart
14%
Wake Up
14%
Animal I Have Been
0%
Are You Ready
0%
Born Like This
0%
Chasing The First Time
0%
End Is Not the Answer
0%
Give Me a Reason
0%
Goin' Down
0%
Happiness
0%
Let You Down
0%
Lost in You
0%
Me Against You
0%
No More
0%
Overrated
0%
Real You The
0%
Sing Of The Times
0%
Someone Who Cares
0%
Strange Day
0%
Take Me Under
0%
The Chain
0%
The New Real
0%
Time That Remains
0%
Vallain I'm Not
0%
Without You
0%
You Don't Get Me High Anymore
0%

Rozkład punktacji

Percentyl według liczby udzielonych odpowiedzi

Procent ludzi z każdym wynikiem

Twoja historia wyników

Nie rozwiązałeś tego quizu